[Event "37th POL-ch"]
[Site "Lodz POL"]
[Date "1980.??.??"]
[Round "1"]
[White "Schmidt, Wlodzimierz"]
[Black "Adamski, Andrzej"]
[Result "1-0"]
[WhiteElo "2430"]
[BlackElo "2350"]
[EventDate "1980.02.10"]

1.d4 g6 2.c4 d6 3.Nc3 Bg7 4.Nf3 Nf6 5.e4 O-O 6.Be2 e5 7.O-O Nbd7 8.Re1 a5 
9.Bf1 Re8 10.Rb1 exd4 11.Nxd4 Nc5 12.f3 Nfd7 13.Be3 Ne5 14.Qd2 Ne6 15.Ndb5
f5 16.exf5 gxf5 17.Nd5 Rf8 18.Nf4 Kh8 19.Nh5 f4 20.Nxf4 Rg8 21.Kh1 Nxf4 
22.Bxf4 Bf5 23.Rbd1 Rc8 24.c5 Ng6 25.Bg5 Qd7 26.cxd6 c6 27.Nd4 Rcf8 28.Bf4
Bxd4 29.Qxd4+ 1-0

[Event "37th POL-ch"]
[Site "Lodz POL"]
[Date "1980.??.??"]
[Round "1"]
[White "Kuligowski, Adam"]
[Black "Sydor, Andrzej"]
[Result "1-0"]
[WhiteElo "2405"]
[BlackElo "2405"]
[EventDate "1980.02.10"]

1.Nf3 d5 2.c4 e6 3.g3 dxc4 4.Qa4+ Nd7 5.Bg2 c5 6.Qxc4 b6 7.Qf4 Rb8 8.Nc3 
Ngf6 9.O-O Bb7 10.Rd1 Be7 11.d4 O-O 12.dxc5 Bxc5 13.b4 Be7 14.Bb2 Rc8 15.
Rac1 a6 16.Ne5 Bxg2 17.Kxg2 Rc7 18.f3 Qb8 19.a3 Nxe5 20.Qxe5 Rfc8 21.Ne4 
Rxc1 22.Rxc1 Ne8 23.Qxb8 Rxb8 24.Rc6 Kf8 25.Be5 Rb7 26.Rc8 f6 27.Nd6 Bxd6 
28.Bxd6+ Kf7 29.Bf4 e5 30.Be3 a5 31.Rc6 axb4 32.axb4 b5 33.Bc5 Nc7 34.f4 
exf4 35.gxf4 Ne6 36.f5 Nxc5 37.Rxc5 Re7 38.Kf3 Re5 39.Rxe5 fxe5 40.Ke4 Kf6
41.h3 g5 42.fxg6 hxg6 43.Kd5 1-0

[Event "37th POL-ch"]
[Site "Lodz POL"]
[Date "1980.??.??"]
[Round "1"]
[White "Schinzel, Wladyslaw"]
[Black "Adamski, Jan"]
[Result "1/2-1/2"]
[WhiteElo "2385"]
[BlackElo "2410"]
[EventDate "1980.02.10"]

1.d4 Nf6 2.Nf3 g6 3.g3 c5 4.c4 Bg7 5.Bg2 O-O 6.O-O cxd4 7.Nxd4 Nc6 8.Nc3 
a6 9.b3 Nxd4 10.Qxd4 d5 11.cxd5 Nxd5 12.Qxd5 Bxc3 1/2-1/2

[Event "37th POL-ch"]
[Site "Lodz POL"]
[Date "1980.??.??"]
[Round "1"]
[White "Przewoznik, Jan"]
[Black "Pokojowczyk, Jerzy"]
[Result "1/2-1/2"]
[WhiteElo "2340"]
[BlackElo "2380"]
[EventDate "1980.02.10"]

1.e4 e5 2.Nf3 Nc6 3.Bb5 a6 4.Ba4 Nf6 5.O-O Nxe4 6.d4 b5 7.Bb3 d5 8.dxe5 
Be6 9.Nbd2 Nc5 10.c3 d4 11.cxd4 Nxd4 12.Nxd4 Qxd4 13.Bxe6 fxe6 14.Nf3 Qd5 
15.Bg5 h6 16.Be3 O-O-O 17.Bxc5 Qxd1 18.Rfxd1 Bxc5 19.Kf1 Rxd1+ 20.Rxd1 Rd8
21.Rxd8+ Kxd8 22.Ne1 Kd7 23.Nd3 Kc6 24.h4 Kd5 25.f4 h5 26.Ke2 a5 27.Kf3 
Bd4 28.b4 a4 29.Ne1 c5 30.Nd3 cxb4 31.Nxb4+ Kc4 32.Nc6 g6 33.g4 hxg4+ 34.
Kxg4 Be3 35.Kg5 b4 36.Kxg6 Bxf4 37.Kf6 Bd2 38.h5 b3 39.axb3+ axb3 40.h6 b2
41.h7 b1=Q 42.h8=Q Qf5+ 43.Ke7 1/2-1/2

[Event "37th POL-ch"]
[Site "Lodz POL"]
[Date "1980.??.??"]
[Round "1"]
[White "Tomaszewski, Roman"]
[Black "Filipowicz, Andrzej"]
[Result "1-0"]
[WhiteElo "2365"]
[BlackElo "2390"]
[EventDate "1980.02.10"]

1.c4 e5 2.Nc3 Nf6 3.Nf3 Nc6 4.e3 Be7 5.d4 d6 6.d5 Nb8 7.e4 Nbd7 8.Be2 Nc5 
9.Qc2 a5 10.O-O O-O 11.Ne1 Ne8 12.Nd3 Nxd3 13.Bxd3 c5 14.f4 exf4 15.Bxf4 
Bf6 16.e5 dxe5 17.Bxh7+ Kh8 18.Be3 b6 19.Ne4 Be7 20.Bf5 Nd6 21.Nxd6 Bxd6 
22.Rf3 Bxf5 23.Qxf5 Kg8 24.Raf1 Ra7 25.Qh5 f6 26.Rh3 Qe7 27.Bg5 Rd7 28.
Qh7+ Kf7 29.Bxf6 Qxf6 30.Rxf6+ Kxf6 31.Rf3+ Ke7 32.Qxg7+ Ke8 1-0

[Event "37th POL-ch"]
[Site "Lodz POL"]
[Date "1980.??.??"]
[Round "1"]
[White "Kruszynski, Wlodzimierz"]
[Black "Pytel, Krzysztof"]
[Result "1/2-1/2"]
[WhiteElo "2350"]
[BlackElo "2450"]
[EventDate "1980.02.10"]

1.e4 e5 2.Nf3 Nc6 3.Bb5 a6 4.Ba4 Nf6 5.O-O Be7 6.Re1 b5 7.Bb3 d6 8.c3 O-O 
9.d4 Bg4 10.d5 Na5 11.Bc2 c6 12.h3 Bxf3 13.Qxf3 cxd5 14.exd5 Nc4 15.Nd2 
Nb6 16.Nf1 Qc7 1/2-1/2

[Event "37th POL-ch"]
[Site "Lodz POL"]
[Date "1980.??.??"]
[Round "1"]
[White "Maciejewski, Andrzej"]
[Black "Sznapik, Aleksander"]
[Result "1/2-1/2"]
[WhiteElo "2370"]
[BlackElo "2460"]
[EventDate "1980.02.10"]

1.e4 c6 2.d4 g6 3.Bd3 Bg7 4.Nf3 d6 5.O-O Nf6 6.c4 O-O 7.h3 Nbd7 8.Nc3 e5 
9.d5 Nc5 10.b4 Nxd3 11.Qxd3 cxd5 12.cxd5 Nh5 13.a4 h6 14.Re1 f5 15.Ra3 Bd7
16.Bd2 Rc8 17.Nb5 fxe4 18.Qxe4 Bf5 19.Qe2 a6 20.Nc3 Nf4 21.Bxf4 exf4 22.
Ne4 Re8 23.Nfd2 Re5 24.b5 Rc2 25.Qd1 Qc8 26.Rd3 Rxd2 27.Rxd2 Rxe4 28.Rxe4 
Bxe4 29.Re2 Qc4 30.f3 Bxd5 31.Rd2 Bf7 32.bxa6 bxa6 33.Rxd6 Kh7 34.Kh2 Be8 
35.a5 Bb5 36.Qb1 Qf7 37.Qe4 Qf5 38.Qe1 Qe5 39.Qd1 Qc3 40.Qb1 Bf6 41.Qe4 
Qe5 42.Qb7+ Bg7 43.Rd5 Qb2 44.Rd1 Ba4 45.Qxb2 Bxb2 46.Rb1 Bg7 47.Rb7 Bb5 
48.g3 fxg3+ 49.Kxg3 Kg8 50.Rb8+ Bf8 51.Kf4 Kf7 52.Ke5 Bg7+ 53.Kd5 Be2 54.
Rb7+ Kf6 55.Ke4 Bf8 56.Rb2 Bf1 57.Rb1 Bb5 58.Rxb5 axb5 59.Kd5 b4 60.a6 b3 
61.a7 b2 62.a8=Q b1=Q 63.Qxf8+ Kg5 64.Qe7+ 1/2-1/2

[Event "37th POL-ch"]
[Site "Lodz POL"]
[Date "1980.??.??"]
[Round "1"]
[White "Bielczyk, Jacek"]
[Black "Ksieski, Zbigniew"]
[Result "1/2-1/2"]
[WhiteElo "2380"]
[BlackElo "2345"]
[EventDate "1980.02.10"]

1.e4 c5 2.Nf3 d6 3.d4 cxd4 4.Nxd4 Nf6 5.Nc3 Nc6 6.f4 g6 7.Nxc6 bxc6 8.e5 
dxe5 9.Qxd8+ Kxd8 10.fxe5 Ng4 11.Bf4 Bg7 12.Rd1+ Kc7 13.e6+ Be5 14.Bxe5+ 
Nxe5 15.exf7 Rf8 16.Be2 Rb8 17.b3 Rxf7 18.Rd4 Bf5 1/2-1/2

[Event "37th POL-ch"]
[Site "Lodz POL"]
[Date "1980.??.??"]
[Round "2"]
[White "Pytel, Krzysztof"]
[Black "Schmidt, Wlodzimierz"]
[Result "1/2-1/2"]
[WhiteElo "2450"]
[BlackElo "2430"]
[EventDate "1980.02.10"]

1.d4 Nf6 2.c4 g6 3.Nc3 d5 4.Bg5 Ne4 5.Bh4 c5 6.cxd5 Nxc3 7.bxc3 Qxd5 8.e3 
cxd4 9.Qxd4 Qxd4 10.cxd4 e6 11.Nf3 Be7 12.Bb5+ Bd7 13.Bxd7+ Nxd7 14.Bxe7 
Kxe7 15.Kd2 Rhc8 16.Rhc1 1/2-1/2

[Event "37th POL-ch"]
[Site "Lodz POL"]
[Date "1980.??.??"]
[Round "2"]
[White "Sznapik, Aleksander"]
[Black "Przewoznik, Jan"]
[Result "1-0"]
[WhiteElo "2460"]
[BlackElo "2340"]
[EventDate "1980.02.10"]

1.e4 e6 2.d4 d5 3.Nd2 Nf6 4.e5 Nfd7 5.c3 c5 6.Bd3 b6 7.Ne2 Ba6 8.Bxa6 Nxa6
9.O-O Be7 10.Nf4 Rc8 11.Qh5 Rc6 12.Nf3 Nc7 13.Qg4 g6 14.h4 h5 15.Qg3 Kf8 
16.Nh3 Ne8 17.Bg5 Ng7 18.Qf4 Nf5 19.Rad1 c4 20.Ne1 Kg7 21.g3 b5 22.Ng2 a5 
23.f3 Bxg5 24.Nxg5 Qe7 25.g4 hxg4 26.fxg4 Nh6 27.Rde1 Nf8 28.Qg3 Nh7 29.
Nxh7 Kxh7 30.Nf4 b4 31.Nh3 Rb8 32.Ng5+ Kg7 33.Rf6 bxc3 34.bxc3 Rcb6 35.h5 
R8b7 36.hxg6 fxg6 37.Ref1 Qe8 38.Qf4 Rb8 39.Nf7 Ng8 40.Qg5 Nxf6 41.Qxf6+ 
1-0

[Event "37th POL-ch"]
[Site "Lodz POL"]
[Date "1980.??.??"]
[Round "2"]
[White "Jasnikowski, Zbigniew"]
[Black "Sydor, Andrzej"]
[Result "1/2-1/2"]
[WhiteElo "2325"]
[BlackElo "2405"]
[EventDate "1980.02.10"]

1.e4 e5 2.Nf3 Nc6 3.Bb5 a6 4.Bxc6 dxc6 5.O-O Bd6 6.d4 exd4 7.Qxd4 f6 8.
Nbd2 Be6 9.b3 Nh6 10.Nc4 Nf7 11.Nxd6+ cxd6 1/2-1/2

[Event "37th POL-ch"]
[Site "Lodz POL"]
[Date "1980.??.??"]
[Round "2"]
[White "Ksieski, Zbigniew"]
[Black "Kruszynski, Wlodzimierz"]
[Result "1/2-1/2"]
[WhiteElo "2345"]
[BlackElo "2350"]
[EventDate "1980.02.10"]

1.d4 Nf6 2.c4 e6 3.Nc3 Bb4 4.g3 c5 5.Nf3 cxd4 6.Nxd4 Ne4 7.Qd3 Qa5 8.Nb3 
Nxc3 9.Bd2 Ne4 10.Qxe4 Bxd2+ 11.Nxd2 O-O 12.Bg2 Nc6 13.Qc2 d5 14.cxd5 exd5
15.O-O Be6 16.Nb3 Qb4 17.Rfd1 Rfd8 18.Qc5 Qg4 19.Bf3 Qg5 20.h4 Qf6 21.Nd4 
Ne5 22.Bg2 1/2-1/2

[Event "37th POL-ch"]
[Site "Lodz POL"]
[Date "1980.??.??"]
[Round "2"]
[White "Adamski, Jan"]
[Black "Bielczyk, Jacek"]
[Result "1/2-1/2"]
[WhiteElo "2410"]
[BlackElo "2380"]
[EventDate "1980.02.10"]

1.c4 Nf6 2.d4 d6 3.Nc3 Nbd7 4.Nf3 g6 5.e4 e5 6.Be2 Bg7 7.O-O O-O 8.Re1 c6 
9.Bf1 a5 10.dxe5 dxe5 11.Na4 Qe7 12.Qc2 Ne8 13.c5 Kh8 14.Be3 Nc7 15.Rad1 
Ne6 16.b3 f5 17.exf5 1/2-1/2

[Event "37th POL-ch"]
[Site "Lodz POL"]
[Date "1980.??.??"]
[Round "2"]
[White "Adamski, Andrzej"]
[Black "Kuligowski, Adam"]
[Result "1/2-1/2"]
[WhiteElo "2350"]
[BlackElo "2405"]
[EventDate "1980.02.10"]

1.e4 c5 2.c3 d5 3.exd5 Qxd5 4.d4 Nf6 5.Nf3 Bg4 6.Be2 e6 7.O-O Nc6 8.h3 Bh5
9.c4 Qd7 10.g4 Bg6 11.d5 exd5 12.cxd5 Nxd5 13.Bb5 Bd6 14.Re1+ Nde7 15.Ne5 
Bxe5 16.Qxd7+ Kxd7 17.Rxe5 Kd6 18.Rg5 Nd5 19.Nc3 Ne5 20.Nxd5 Kxd5 21.Rxe5+
Kxe5 22.f4+ 1/2-1/2

[Event "37th POL-ch"]
[Site "Lodz POL"]
[Date "1980.??.??"]
[Round "2"]
[White "Pokojowczyk, Jerzy"]
[Black "Tomaszewski, Roman"]
[Result "1-0"]
[WhiteElo "2380"]
[BlackElo "2365"]
[EventDate "1980.02.10"]

1.e4 Nf6 2.e5 Nd5 3.d4 d6 4.Nf3 dxe5 5.Nxe5 g6 6.c4 Nb6 7.Be3 Bg7 8.Nc3 
O-O 9.f4 c6 10.Qf3 f6 11.Ng4 Be6 12.b3 Bxg4 13.Qxg4 f5 14.Qg3 e6 15.Rd1 
Qe7 16.Be2 N8d7 17.O-O a5 18.Kh1 Qb4 19.Bf2 Qe7 20.Rfe1 Qf7 21.Na4 Nxa4 
22.bxa4 Nf6 23.Qb3 Ne4 24.Bg1 Rfd8 25.Bf3 Nf6 26.Bf2 Re8 27.Rb1 Re7 28.d5 
exd5 29.Rxe7 Qxe7 30.cxd5 cxd5 31.Bh4 Qd7 32.Bxf6 Bxf6 33.Bxd5+ Kh8 34.
Bxb7 Rd8 35.Bf3 Qd3 36.Qb6 Qd4 37.Qxa5 Qxf4 38.Qb6 Qd6 39.a5 Bd4 40.Qb3 
Qd7 41.a6 Qa7 42.Qc4 Bb6 43.Qc6 Bd4 44.Rb7 1-0

[Event "37th POL-ch"]
[Site "Lodz POL"]
[Date "1980.??.??"]
[Round "2"]
[White "Skrobek, Ryszard"]
[Black "Maciejewski, Andrzej"]
[Result "1/2-1/2"]
[WhiteElo "2350"]
[BlackElo "2370"]
[EventDate "1980.02.10"]

1.d4 Nf6 2.Nf3 g6 3.Bg5 Bg7 4.Nbd2 c5 5.c3 O-O 6.Bxf6 Bxf6 7.Ne4 cxd4 8.
Nxf6+ exf6 9.Nxd4 d5 10.g3 Nc6 11.Bg2 Be6 12.e3 a5 13.O-O a4 14.a3 Qb6 
1/2-1/2

[Event "37th POL-ch"]
[Site "Lodz POL"]
[Date "1980.??.??"]
[Round "3"]
[White "Tomaszewski, Roman"]
[Black "Sznapik, Aleksander"]
[Result "1/2-1/2"]
[WhiteElo "2365"]
[BlackElo "2460"]
[EventDate "1980.02.10"]

1.c4 g6 2.Nc3 Bg7 3.g3 d6 4.Bg2 Nf6 5.e4 c5 6.Nge2 Nc6 7.O-O O-O 8.d3 a6 
9.h3 Ne8 10.Be3 Nd4 11.Rb1 Rb8 12.b4 Bd7 13.bxc5 dxc5 14.Nd5 b5 15.Nxd4 
cxd4 16.Bf4 Rc8 17.cxb5 axb5 18.Rc1 Rxc1 19.Qxc1 e6 20.Nb4 e5 21.Bd2 Be6 
22.Nc6 Qd7 23.Bb4 Nd6 24.Qc5 Rc8 25.Nxe5 Rxc5 26.Nxd7 Rc2 27.Nb6 Nb7 28.a4
bxa4 29.Nxa4 Bf8 30.Bxf8 Kxf8 31.Rb1 Na5 32.Rb4 Nc6 33.Rb2 Rc1+ 34.Kh2 Ne5
35.Rd2 Bb3 36.Nb2 Nc6 37.Bf3 Nb4 38.Bd1 Be6 39.Kg2 Ke7 40.f4 h5 41.g4 
1/2-1/2

[Event "37th POL-ch"]
[Site "Lodz POL"]
[Date "1980.??.??"]
[Round "3"]
[White "Sydor, Andrzej"]
[Black "Adamski, Andrzej"]
[Result "1/2-1/2"]
[WhiteElo "2405"]
[BlackElo "2350"]
[EventDate "1980.02.10"]

1.d4 g6 2.e4 Bg7 3.c3 d6 4.Bd3 Nf6 5.Ne2 O-O 6.Bg5 h6 7.Bh4 c5 8.O-O Nc6 
9.Na3 cxd4 10.cxd4 g5 11.Bg3 Nh5 12.Bc2 Nxg3 13.hxg3 Bg4 14.f3 Bd7 15.Nc4 
b5 16.Ne3 1/2-1/2

[Event "37th POL-ch"]
[Site "Lodz POL"]
[Date "1980.??.??"]
[Round "3"]
[White "Schmidt, Wlodzimierz"]
[Black "Ksieski, Zbigniew"]
[Result "1/2-1/2"]
[WhiteElo "2430"]
[BlackElo "2345"]
[EventDate "1980.02.10"]

1.d4 g6 2.c4 Bg7 3.Nc3 d6 4.Nf3 Nd7 5.e4 e5 6.Be2 Ngf6 7.O-O O-O 8.Re1 Re8
9.Bf1 c6 10.d5 Qc7 11.Rb1 a5 12.b3 cxd5 13.Nb5 Qb8 14.cxd5 Nc5 15.Nd2 Bd7 
16.a4 Bh6 17.Nc3 Rf8 18.Nc4 Bxc1 19.Qxc1 b6 20.f4 Ne8 21.Qe3 f6 22.fxe5 
fxe5 23.b4 axb4 24.Rxb4 Nxa4 25.Nxa4 Rxa4 26.Rxa4 Bxa4 27.Nxb6 Nf6 28.Nxa4
Qb4 29.h3 Qxa4 30.Bd3 Nd7 31.Be2 Nc5 32.Bf3 1/2-1/2

[Event "37th POL-ch"]
[Site "Lodz POL"]
[Date "1980.??.??"]
[Round "3"]
[White "Schinzel, Wladyslaw"]
[Black "Pokojowczyk, Jerzy"]
[Result "1-0"]
[WhiteElo "2385"]
[BlackElo "2380"]
[EventDate "1980.02.10"]

1.d4 Nf6 2.c4 g6 3.Nc3 Bg7 4.e4 d6 5.Be2 O-O 6.Bg5 c5 7.d5 Nbd7 8.Qd2 b5 
9.cxb5 a6 10.Nf3 Qa5 11.O-O axb5 12.Bxb5 Nxe4 13.Nxe4 Qxb5 14.Bxe7 Qxb2 
15.Bxf8 Qxd2 16.Nfxd2 Bxa1 17.Rxa1 Kxf8 18.Nxd6 Nb6 19.N2e4 c4 20.a4 Bd7 
21.Nc3 Ke7 22.Nb7 Bxa4 23.d6+ Ke8 24.f3 Bc6 25.Rxa8+ Nxa8 26.Na5 Bd7 27.
Nxc4 Be6 28.Ne5 f6 29.Nd3 Nb6 30.Ne4 Nd7 31.Ndc5 Nxc5 32.Nxc5 Bd5 33.Kf2 
Kf7 34.Ke3 g5 35.g3 Bc6 36.f4 h6 37.h4 Ke8 38.fxg5 hxg5 39.h5 Kf7 40.d7 
Bxd7 41.Nxd7 f5 42.g4 1-0

[Event "37th POL-ch"]
[Site "Lodz POL"]
[Date "1980.??.??"]
[Round "3"]
[White "Przewoznik, Jan"]
[Black "Skrobek, Ryszard"]
[Result "1-0"]
[WhiteElo "2340"]
[BlackElo "2350"]
[EventDate "1980.02.10"]

1.e4 c5 2.Nf3 Nc6 3.Bb5 g6 4.O-O Bg7 5.Qe2 e5 6.Nc3 Nge7 7.d3 O-O 8.Bg5 h6
9.Bh4 d6 10.h3 g5 11.Bg3 Nd4 12.Nxd4 cxd4 13.Nd1 d5 14.exd5 Qxd5 15.Bc4 
Qd6 16.Re1 Ng6 17.c3 Kh8 18.cxd4 Qxd4 19.Nc3 Bd7 20.Qh5 Kh7 21.Ne4 f6 22.
Kh1 b5 23.Bb3 Qxb2 24.d4 Bc6 25.Rab1 Qxd4 26.Rbd1 Qb6 27.Rd6 Qb7 28.Nxg5+ 
1-0

[Event "37th POL-ch"]
[Site "Lodz POL"]
[Date "1980.??.??"]
[Round "3"]
[White "Maciejewski, Andrzej"]
[Black "Jasnikowski, Zbigniew"]
[Result "1/2-1/2"]
[WhiteElo "2370"]
[BlackElo "2325"]
[EventDate "1980.02.10"]

1.e4 e5 2.Nf3 d6 3.d4 exd4 4.Qxd4 Nc6 5.Bb5 Bd7 6.Bxc6 Bxc6 7.Nc3 Nf6 8.
Bg5 Be7 9.O-O-O O-O 10.Rhe1 Re8 11.Kb1 h6 12.Bc1 Nd7 13.Nd5 Bf6 14.Qc4 Nb6
15.Qd3 Na4 16.Qc4 Nb6 17.Qd3 Na4 18.c4 1/2-1/2

[Event "37th POL-ch"]
[Site "Lodz POL"]
[Date "1980.??.??"]
[Round "3"]
[White "Kuligowski, Adam"]
[Black "Pytel, Krzysztof"]
[Result "1-0"]
[WhiteElo "2405"]
[BlackElo "2450"]
[EventDate "1980.02.10"]

1.Nf3 Nf6 2.c4 g6 3.Nc3 c5 4.d4 cxd4 5.Nxd4 Nc6 6.Nc2 Bg7 7.e4 d6 8.Be2 
Nd7 9.Bd2 O-O 10.O-O a5 11.Re1 Nc5 12.Bf1 Bd7 13.Ne3 Nd4 14.Ned5 e6 15.Nf4
Bc6 16.Be3 e5 17.Nfd5 f5 18.exf5 Nxf5 19.Bxc5 dxc5 20.Qg4 Nd4 21.Bd3 Kh8 
22.Re3 Bd7 23.Qg3 Nf5 24.Bxf5 gxf5 25.Rxe5 f4 26.Qg5 Qxg5 27.Rxg5 Rae8 28.
f3 Bd4+ 29.Kf1 Bf5 30.Rd1 Re5 31.Ne2 Bxb2 32.Nexf4 Bc2 33.Rd2 Rxg5 34.Rxc2
Rgf5 35.Rxb2 Rxf4 36.Nxf4 Rxf4 37.Rc2 a4 38.Kf2 a3 39.Ke3 Rd4 40.Rc3 Kg8 
41.g3 b6 42.h4 Kf7 43.Rxa3 Rxc4 44.Rb3 Ra4 45.Rxb6 Rxa2 46.h5 c4 47.Rb7+ 
Kg8 48.Rc7 Rc2 49.g4 Rc1 50.Kf4 c3 51.Kg5 c2 52.Kf6 h6 53.Kg6 Kf8 54.Kxh6 
Kg8 55.Kg6 Kf8 56.h6 1-0

[Event "37th POL-ch"]
[Site "Lodz POL"]
[Date "1980.??.??"]
[Round "3"]
[White "Kruszynski, Wlodzimierz"]
[Black "Adamski, Jan"]
[Result "0-1"]
[WhiteElo "2350"]
[BlackElo "2410"]
[EventDate "1980.02.10"]

1.e4 c5 2.Nf3 e6 3.d4 cxd4 4.Nxd4 a6 5.Nc3 Qc7 6.Be2 b5 7.O-O Bb7 8.Bf3 
Nc6 9.Nxc6 dxc6 10.a4 Bd6 11.g3 Nf6 12.Bg2 O-O 13.f4 e5 14.f5 b4 15.Nb1 c5
16.Qe2 c4 17.Bg5 Be7 18.c3 a5 19.Nd2 Rac8 20.Rfd1 Rfd8 21.Nf1 bxc3 22.bxc3
Rxd1 23.Rxd1 Nxe4 24.Bxe4 Bxg5 25.Rb1 Bxe4 26.Qxe4 Qd7 27.Rb5 h6 28.Rxa5 
Qd3 29.Rxe5 Qxc3 30.Re8+ Rxe8 31.Qxe8+ Kh7 32.h4 Qd4+ 33.Kg2 Qd5+ 34.Kh2 
Bf6 35.Ne3 Qd2+ 36.Kh3 Qe2 37.Qe4 c3 38.a5 c2 39.Qxc2 Qxe3 40.a6 Be5 41.
Qg2 0-1

[Event "37th POL-ch"]
[Site "Lodz POL"]
[Date "1980.??.??"]
[Round "3"]
[White "Bielczyk, Jacek"]
[Black "Filipowicz, Andrzej"]
[Result "1-0"]
[WhiteElo "2380"]
[BlackElo "2390"]
[EventDate "1980.02.10"]

1.e4 c5 2.Nf3 e6 3.d4 cxd4 4.Nxd4 a6 5.Bd3 Nf6 6.O-O d6 7.f4 Nbd7 8.Nf3 b5
9.Qe2 Bb7 10.Nbd2 e5 11.Kh1 Be7 12.a4 exf4 13.axb5 axb5 14.Rxa8 Qxa8 15.
Bxb5 O-O 16.Nd4 Re8 17.Rxf4 Bf8 18.Qf1 Re7 19.Nf5 Re5 20.Ng3 Bc6 21.Bxc6 
Qxc6 22.c3 Nc5 23.Qc4 Qb7 24.b4 Ne6 25.Rf1 Rg5 26.Qd3 Rg4 27.Qe2 h5 28.
Nxh5 Rg6 29.Nxf6+ gxf6 30.Nf3 d5 31.Nh4 Rg7 32.exd5 Qxd5 33.Qf3 Qc4 34.Nf5
Rg6 35.Re1 Rg4 36.Ne3 Qxc3 37.Qxg4+ Bg7 38.Qd1 Nd4 39.Qd2 1-0

[Event "37th POL-ch"]
[Site "Lodz POL"]
[Date "1980.??.??"]
[Round "4"]
[White "Maciejewski, Andrzej"]
[Black "Przewoznik, Jan"]
[Result "1/2-1/2"]
[WhiteElo "2370"]
[BlackElo "2340"]
[EventDate "1980.02.10"]

1.e4 c5 2.c3 d5 3.exd5 Qxd5 4.d4 e6 5.Nf3 Nc6 6.Be2 Nf6 7.O-O cxd4 8.cxd4 
Be7 9.Bf4 O-O 10.Nc3 Qd8 11.Qd2 b6 12.a3 Bb7 13.Rad1 Rc8 14.Bd3 Nd5 15.
Nxd5 Qxd5 16.Qe3 Na5 17.Ne1 Nc4 18.Qh3 g6 19.Bc1 Nd6 20.Nc2 Qb3 21.Na1 Qa2
22.Nc2 Qb3 23.Na1 Qa4 24.Rfe1 Bf6 25.b3 Qa5 26.Bb2 Nf5 27.Nc2 Rfd8 28.b4 
Qd5 29.Ne3 Nxe3 30.fxe3 Bg7 31.Rf1 e5 32.dxe5 Qb3 33.Bd4 Bd5 34.Be2 Rc2 
35.Bf3 Bc4 36.Rfe1 Qxa3 37.Qh4 Rc8 38.Qe4 Be6 39.b5 Rc1 40.h3 a6 41.bxa6 
Rxd1 42.Rxd1 Qxa6 43.Ra1 Qb5 44.Ra8 Rf8 45.Rxf8+ Bxf8 46.Qa8 Kg7 47.Qd8 
Qb1+ 48.Kh2 b5 49.Qf6+ Kg8 50.Qd8 Qc2 51.Bd5 Qc8 52.Qxc8 Bxc8 53.Bc6 b4 
54.Kg3 Be6 55.Kf3 h5 56.g4 Kh7 57.Kf4 Be7 58.gxh5 g5+ 59.Kg3 b3 60.Bb2 Bc5
61.Bf3 Bxe3 62.Bg4 Bd5 63.Bf5+ Kh6 64.Bg4 Bb6 65.Bd1 Bc5 66.Bg4 Bb4 67.Kf2
Bc5+ 68.Ke2 Bg2 69.Kd3 Bd5 1/2-1/2

[Event "37th POL-ch"]
[Site "Lodz POL"]
[Date "1980.??.??"]
[Round "4"]
[White "Ksieski, Zbigniew"]
[Black "Kuligowski, Adam"]
[Result "1-0"]
[WhiteElo "2345"]
[BlackElo "2405"]
[EventDate "1980.02.10"]

1.d4 Nf6 2.c4 e6 3.Nc3 d5 4.Nf3 c5 5.cxd5 Nxd5 6.e4 Nxc3 7.bxc3 cxd4 8.
cxd4 Nc6 9.Bc4 Bb4+ 10.Bd2 Bxd2+ 11.Qxd2 O-O 12.Rd1 Qa5 13.O-O Qxd2 14.
Rxd2 Na5 15.Be2 Bd7 16.Ne5 Ba4 17.Bg4 Rfd8 18.f4 Nc6 19.d5 Ne7 20.Nxf7 
Kxf7 21.Bxe6+ Ke8 22.d6 Ng6 23.e5 b6 24.Bg8 Nf8 25.f5 Nd7 26.Bxh7 Nxe5 27.
Re1 Kd7 28.Rxe5 Re8 29.Rxe8 Rxe8 30.Bg6 Re5 31.g4 Bc6 32.h3 1-0

[Event "37th POL-ch"]
[Site "Lodz POL"]
[Date "1980.??.??"]
[Round "4"]
[White "Jasnikowski, Zbigniew"]
[Black "Adamski, Andrzej"]
[Result "1/2-1/2"]
[WhiteElo "2325"]
[BlackElo "2350"]
[EventDate "1980.02.10"]

1.e4 g6 2.d4 Bg7 3.Nc3 d6 4.Bc4 a6 5.a4 Nf6 6.Nf3 Nc6 7.h3 O-O 8.Qe2 e5 9.
dxe5 dxe5 10.Nd5 Nxd5 11.Bxd5 Nd4 12.Nxd4 exd4 13.O-O Re8 14.Qf3 Qf6 15.
Qxf6 Bxf6 16.Re1 c6 17.Bc4 Be6 18.Bd3 Be7 19.Bd2 a5 20.b3 b6 21.f4 Bh4 22.
Re2 f5 23.Be1 fxe4 24.Rxe4 Bf6 25.Bd2 Bd5 26.Rxe8+ Rxe8 27.Re1 Rc8 28.f5 
g5 29.g4 Kg7 30.Kf2 Rh8 31.Bc4 h5 32.Bxd5 cxd5 33.Re6 hxg4 34.hxg4 Rh2+ 
35.Ke1 Rh4 36.Bxg5 Rh1+ 37.Kf2 Bxg5 38.Rg6+ Kf7 39.Rxg5 Rh2+ 40.Ke1 Rxc2 
41.Rg6 Rg2 42.Kd1 Rg3 43.Kc2 Rc3+ 44.Kb2 Rc5 45.Rxb6 d3 46.Rh6 Rc2+ 47.Kb1
Rg2 48.Kc1 Rxg4 49.Rb6 Rg2 50.Rc6 Rf2 51.Rc5 Rxf5 52.Rxa5 Ke6 53.Kd2 Ke5 
54.Kxd3 Rf3+ 55.Kc2 Rf2+ 56.Kc3 Ke4 57.Ra8 d4+ 58.Kc4 Rc2+ 59.Kb5 d3 60.
Rd8 d2 61.a5 Ke3 62.a6 Rc3 63.b4 Rd3 64.Rxd3+ Kxd3 65.a7 d1=Q 66.a8=Q Kc3 
67.Qc6+ Kb3 68.Qc4+ Ka3 69.Qc3+ Ka2 70.Qc5 Kb3 71.Ka6 Qa1+ 72.Kb6 Qf6+ 73.
Ka7 Qg7+ 74.Ka6 Qa1+ 1/2-1/2

[Event "37th POL-ch"]
[Site "Lodz POL"]
[Date "1980.??.??"]
[Round "4"]
[White "Filipowicz, Andrzej"]
[Black "Kruszynski, Wlodzimierz"]
[Result "1-0"]
[WhiteElo "2390"]
[BlackElo "2350"]
[EventDate "1980.02.10"]

1.g3 Nf6 2.Bg2 d5 3.c4 c5 4.cxd5 Nxd5 5.Nc3 Nc7 6.b3 e5 7.Bb2 Nc6 8.Rc1 
Bd7 9.Nf3 f6 10.O-O Be7 11.e3 Bg4 12.h3 Bh5 13.g4 Bg6 14.d4 cxd4 15.exd4 
Nxd4 16.Nxd4 exd4 17.Ne2 d3 18.Nf4 Qd6 19.Qf3 O-O 20.Nxg6 hxg6 21.Rfd1 
Rad8 22.Qxb7 Rc8 23.Qe4 Rfd8 24.Qxg6 d2 25.Rc6 Qf4 26.Rc4 Qd6 27.Be4 Qe6 
28.Qh7+ 1-0

[Event "37th POL-ch"]
[Site "Lodz POL"]
[Date "1980.??.??"]
[Round "4"]
[White "Adamski, Jan"]
[Black "Schmidt, Wlodzimierz"]
[Result "1/2-1/2"]
[WhiteElo "2410"]
[BlackElo "2430"]
[EventDate "1980.02.10"]

1.d4 Nf6 2.c4 g6 3.Nc3 d5 4.Nf3 Bg7 5.e3 O-O 6.cxd5 Nxd5 7.Bc4 Nxc3 8.bxc3
c5 9.O-O Qc7 10.Qe2 Bg4 11.Ba3 Nd7 12.Bb5 1/2-1/2

[Event "37th POL-ch"]
[Site "Lodz POL"]
[Date "1980.??.??"]
[Round "4"]
[White "Sznapik, Aleksander"]
[Black "Schinzel, Wladyslaw"]
[Result "1/2-1/2"]
[WhiteElo "2460"]
[BlackElo "2385"]
[EventDate "1980.02.10"]

1.e4 c5 2.Nf3 d6 3.d4 cxd4 4.Nxd4 Nf6 5.Nc3 a6 6.Be2 e5 7.Nb3 Be7 8.a4 O-O
9.O-O Nc6 10.Kh1 Be6 11.f4 exf4 12.Bxf4 Rc8 13.Nd4 Nxd4 14.Qxd4 Qc7 15.
Rad1 Rfd8 16.Qf2 Qc6 17.Bf3 Qc5 18.Be3 Qb4 19.Bd4 Rf8 20.Rfe1 Bd8 21.Qg3 
Rc4 22.Ne2 Ne8 23.Bc3 Qc5 24.Nd4 Qg5 25.Qxg5 Bxg5 1/2-1/2

[Event "37th POL-ch"]
[Site "Lodz POL"]
[Date "1980.??.??"]
[Round "4"]
[White "Skrobek, Ryszard"]
[Black "Tomaszewski, Roman"]
[Result "1/2-1/2"]
[WhiteElo "2350"]
[BlackElo "2365"]
[EventDate "1980.02.10"]

1.e4 Nf6 2.e5 Nd5 3.c4 Nb6 4.c5 Nd5 5.Nc3 e6 6.d4 d6 7.cxd6 cxd6 8.Nf3 Nc6
9.Bd3 dxe5 10.dxe5 Bb4 11.O-O Nxc3 12.bxc3 Bxc3 13.Rb1 Bxe5 14.Nxe5 Nxe5 
15.Bb5+ Bd7 16.Bxd7+ Qxd7 17.Qxd7+ Nxd7 18.Rxb7 Nc5 19.Rb5 Nd3 20.Ba3 a5 
21.f4 Nb4 22.f5 O-O 23.fxe6 fxe6 24.Rxf8+ Rxf8 25.Bxb4 axb4 26.Rxb4 Rc8 
27.Rb1 Rc3 28.Ra1 Ra3 29.Kf2 Kf7 30.Ke2 e5 31.Kd2 Ke6 32.Kc2 e4 33.Kb2 Ra7
34.a4 Kd5 35.Kc3 Ra5 36.Kd2 Kd4 37.Ke2 g5 38.g3 e3 39.h3 Rf5 40.Rf1 Ra5 
1/2-1/2

[Event "37th POL-ch"]
[Site "Lodz POL"]
[Date "1980.??.??"]
[Round "4"]
[White "Pytel, Krzysztof"]
[Black "Sydor, Andrzej"]
[Result "1/2-1/2"]
[WhiteElo "2450"]
[BlackElo "2405"]
[EventDate "1980.02.10"]

1.c4 e6 2.Nc3 d5 3.d4 Nf6 4.cxd5 exd5 5.Bg5 Nbd7 6.e3 Be7 7.Qc2 Nf8 8.Bd3 
Ne6 9.Bh4 g6 10.Nf3 Ng7 11.h3 c6 12.g4 h5 13.O-O-O hxg4 14.hxg4 Nxg4 15.
Bxe7 Kxe7 16.e4 dxe4 17.Nxe4 Be6 18.Qc5+ Kd7 19.d5 Bxd5 20.Rxh8 Qxh8 21.
Bc4 Ne6 22.Rxd5+ Ke8 23.Qb4 Qh1+ 24.Rd1 Qxf3 25.Nd6+ Kf8 26.Bxe6 fxe6 27.
Nf5+ Kg8 28.Ne7+ Kg7 1/2-1/2

[Event "37th POL-ch"]
[Site "Lodz POL"]
[Date "1980.??.??"]
[Round "4"]
[White "Pokojowczyk, Jerzy"]
[Black "Bielczyk, Jacek"]
[Result "1/2-1/2"]
[WhiteElo "2380"]
[BlackElo "2380"]
[EventDate "1980.02.10"]

1.e4 c5 2.Nf3 Nc6 3.d4 cxd4 4.Nxd4 Nf6 5.Nc3 d6 6.Bg5 e6 7.Qd2 a6 8.O-O-O 
Bd7 9.f4 h6 10.Bh4 g5 11.fxg5 Ng4 12.Nxc6 Bxc6 13.Qf4 hxg5 14.Bxg5 Qxg5 
15.Qxg5 Bh6 16.Qxh6 Rxh6 17.Rxd6 Nf2 18.Rg1 Rxh2 19.Be2 Ke7 20.Rd2 Nxe4 
21.Nxe4 Bxe4 22.Bf3 Bxf3 23.gxf3 1/2-1/2